00808aas a2200181 4500952009000000999001700090001001000107003001000117005001700127008004100144022001400185040004100199041000800240245020600248300006100454773010300515942000800618 001040708HEMaFUSBCbFUSBCd2016-01-26l0o r2016-01-26 00:00:00w2016-01-26yANA c50077d50077768714001CO-MdFUSB20170906100431.0170906s1989 ag ||||| |||| 00| 0 spa d a0326-6737 aCO-MdFUSBbspacCO-MdFUSBdCO-MdFUSB aspa10aEL aprtheid y la unidad de la igleisa ¡un llamado a la valentía! : bel testimonio de Vereeniging, emitodo en la reunión de la iglesia holandesa reformada blaca (DRC) en Vereeniging, marzo de 1989 aVolumen 10. Número 2 (1989), páginas 85-89c: 23 cm.0 tCuadernos de Teología049404959712gVolumen 10. Número 2 (1989), páginas 85-89qPágina 85 cANA